[Event "AUTO-BEG-587"]
[Site "http://www.queenalice.com/game.php?id=1192789"]
[Date "2013.6.21"]
[Round "1"]
[White "TylerDurden"]
[Black "fluke"]
[Result "1-0"]
[WhiteElo "1463"]
[BlackElo "1241"]

1. e4 e5 2. Nf3 d6 3. d4 c5 4. d5 b5 5. Bxb5+ Bd7 6. Bd3 h5 7. Qe2 g6 8. Ng5 f6
9. Ne6 Bxe6 10. dxe6 d5 11. Bb5+ Ke7 12. exd5 Qxd5 13. O-O Kxe6 14. Bc4 Qxc4 15.
Qxc4+ Ke7 16. Qxc5+ Ke8 17. Qc8+ Ke7 18. Rd1 Rh7 19. Qc7+ 1-0

[Event "AUTO-BEG-587"]
[Site "http://www.queenalice.com/game.php?id=1192790"]
[Date "2013.6.21"]
[Round "1"]
[White "fluke"]
[Black "TylerDurden"]
[Result "1-0"]
[WhiteElo "1418"]
[BlackElo "1477"]

1. e4 c5 2. c4 Nc6 3. d3 g6 4. g4 Bg7 5. g5 d6 6. h4 h5 7. f4 e6 8. Ne2 Nge7 9.
Nbc3 a6 10. e5 dxe5 11. fxe5 Bxe5 12. Ne4 Ng8 13. Nxc5 b6 14. Bg2 Qc7 15. Ne4
Bb7 16. Rg1 O-O-O 17. Bd2 Rxd3 18. b3 Bxa1 19. Qxa1 Rh7 20. Rf1 Qe7 21. Nf4 Nd4
22. Nf2 Nc2+ 23. Ke2 Nxa1 24. N2xd3 Nc2 25. Bh3 Nd4+ 26. Ke3 Qd8 27. Bc3 1-0

[Event "AUTO-BEG-587"]
[Site "http://www.queenalice.com/game.php?id=1192791"]
[Date "2013.6.21"]
[Round "1"]
[White "TylerDurden"]
[Black "bpctreinamento"]
[Result "1-0"]
[WhiteElo "1458"]
[BlackElo "1401"]

1. Nf3 d5 2. g3 Nf6 3. Bg2 Bg4 4. c4 dxc4 5. Ne5 c6 6. Nxc4 Qd4 7. b3 Qxa1 8.
Bb2 Qxa2 9. Ba3 Bxe2 10. Kxe2 e6 11. Nc3 Qxa3 12. Nxa3 Bxa3 13. Re1 Bc5 14. Kf1
h5 15. Ne4 Nxe4 16. Rxe4 Nd7 17. b4 Nf6 18. Rc4 Bd6 19. h4 Ng4 20. Kg1 a5 21.
Qa1 O-O 22. bxa5 Be5 23. d4 Bc7 24. Ra4 e5 25. a6 bxa6 26. Bxc6 exd4 27. Bxa8
Rxa8 28. Rxa6 Rxa6 29. Qxa6 Kh7 30. Qd3+ g6 31. Qxd4 Be5 32. Qd7 Kg7 33. Qd3 Kf6
34. f3 Nh6 35. Kg2 g5 36. hxg5+ Kxg5 37. f4+ Bxf4 38. gxf4+ Kxf4 39. Qg3+ Kf5
40. Qg7 Ng4 41. Qxf7+ Nf6 42. Kg3 Kg5 43. Qg7+ Kf5 44. Kh4 Ke6 45. Kg5 Ne8 46.
Qg6+ Nf6 47. Qxf6+ Kd5 48. Kxh5 Kc4 49. Qe5 Kb3 50. Qd4 Kc2 51. Kg4 Kc1 52. Qd3
Kb2 53. Kf4 Ka2 54. Qc3 Kb1 55. Ke3 Ka2 56. Kd3 Kb1 57. Qd2 Ka1 58. Kc3 Kb1 59.
Qb2# 1-0

[Event "AUTO-BEG-587"]
[Site "http://www.queenalice.com/game.php?id=1192792"]
[Date "2013.6.21"]
[Round "1"]
[White "bpctreinamento"]
[Black "TylerDurden"]
[Result "0-1"]
[WhiteElo "1194"]
[BlackElo "1208"]

1. e4 c5 2. Nc3 Nc6 3. Bb5 Nd4 4. Nf3 Nxb5 5. Nxb5 a6 6. Nc3 b5 7. O-O Bb7 8. d3
g6 9. Ng5 Bg7 10. Qf3 Nf6 11. Be3 O-O 12. Bxc5 d6 13. Bd4 e5 14. Be3 h6 15. Nh3
g5 16. Bxg5 hxg5 17. Nxg5 Bc8 18. Nd5 Nxd5 19. exd5 Qxg5 20. Qe3 Qg6 21. Qg3 Qh7
22. h4 Kh8 23. f4 Rg8 24. a4 Bh6 25. fxe5 Rxg3 26. exd6 Be3+ 27. Rf2 Bxf2+ 28.
Kxf2 Qg7 29. axb5 Rxg2+ 30. Kf3 f5 31. b6 Qg3# 0-1

[Event "AUTO-INT-2674"]
[Site "http://www.queenalice.com/game.php?id=1197497"]
[Date "2013.7.6"]
[Round "1"]
[White "ciceroeduardo"]
[Black "TylerDurden"]
[Result "0-1"]
[WhiteElo "1668"]
[BlackElo "1400"]

1. e4 c5 2. Nf3 d6 3. Nc3 Nf6 4. Bc4 Nc6 5. O-O a6 6. d3 Na5 7. Bb3 Nxb3 8. axb3
b5 9. Be3 Bb7 10. e5 dxe5 11. Bxc5 Nd7 12. Be3 e6 13. Qd2 Bxf3 14. gxf3 Qf6 15.
f4 Bd6 16. fxe5 Nxe5 17. Bd4 Nf3+ 18. Kh1 Qh4 19. Kg2 Qg4+ 20. Kh1 Qh3 21. Rxa6
Qxh2# 0-1

[Event "AUTO-INT-2674"]
[Site "http://www.queenalice.com/game.php?id=1197498"]
[Date "2013.7.6"]
[Round "1"]
[White "TylerDurden"]
[Black "ciceroeduardo"]
[Result "1-0"]
[WhiteElo "1475"]
[BlackElo "1491"]

1. c4 e5 2. Nc3 Bc5 3. Ne4 d6 4. Nf3 Nc6 5. a3 Nf6 6. Nxc5 dxc5 7. d3 O-O 8. g3
Be6 9. Bg2 a5 10. Ng5 Bd7 11. Ne4 h6 12. Nxc5 b6 13. Nxd7 Qxd7 14. Qa4 Rad8 15.
Bxc6 Qd4 16. O-O Qg4 17. Bf3 Qe6 18. Qc6 Qe7 19. Be3 Rd6 20. Qa4 c5 21. Bd2 Kh7
22. b4 Nd7 23. bxa5 bxa5 24. Qxa5 1-0

[Event "AUTO-INT-2674"]
[Site "http://www.queenalice.com/game.php?id=1197513"]
[Date "2013.7.6"]
[Round "1"]
[White "TylerDurden"]
[Black "OvercoME"]
[Result "0-1"]
[WhiteElo "1476"]
[BlackElo "1668"]

1. e4 b6 2. d4 Bb7 3. Nc3 e6 4. Bd3 Be7 5. Nf3 d6 6. O-O Nd7 7. Qe2 Ngf6 8. Ba6
Bxa6 9. Qxa6 O-O 10. h3 c5 11. Be3 cxd4 12. Nxd4 Nc5 13. Qc4 Ncxe4 14. Nce2 d5
15. Qd3 Rc8 16. c3 h6 17. f4 Nc5 18. Qd1 a5 19. Kh1 Nce4 20. Qe1 Nd7 21. Ng3 Bh4
22. Nde2 Ndf6 23. Rf3 Nh5 24. Bf2 Nxf2+ 25. Qxf2 Nxg3+ 26. Nxg3 Qd7 27. Qxb6 Rb8
28. Qxa5 Rxb2 29. Qa4 Qxa4 0-1

[Event "AUTO-INT-2674"]
[Site "http://www.queenalice.com/game.php?id=1197514"]
[Date "2013.7.6"]
[Round "1"]
[White "OvercoME"]
[Black "TylerDurden"]
[Result "1-0"]
[WhiteElo "2085"]
[BlackElo "1527"]

1. d4 Nf6 2. Bg5 Ne4 3. Bf4 d5 4. f3 Nf6 5. Nc3 Bf5 6. e3 Nh5 7. Be5 Bg6 8. g4
Nf6 9. f4 h6 10. h3 a6 11. Bg2 c6 12. f5 Bh7 13. Nf3 Qa5 14. Nd2 b5 15. Nb3 Qd8
16. Nc5 Nfd7 17. Nxd7 Nxd7 18. Bg3 Nb6 19. b3 e6 20. fxe6 fxe6 21. O-O Bd6 22.
Bf4 O-O 23. Qd2 Qe7 24. Ne2 b4 25. Bxd6 Qxd6 26. c3 a5 27. Nf4 Ra7 28. Nd3 Nd7
29. cxb4 Rfa8 30. bxa5 Rxa5 31. a4 Bxd3 32. Qxd3 c5 33. e4 cxd4 34. Qxd4 Rb8 35.
Rad1 e5 36. Qc3 Qb6+ 37. Kh1 d4 38. Qc4+ Kh7 39. Rf3 Rc5 40. Qe2 Rbc8 41. Rd2
R8c6 42. Bf1 Rf6 43. Qf2 Kh8 44. Bc4 Qd6 45. Rxf6 Nxf6 46. Qf5 Qe7 47. h4 Rc6
48. g5 Nh5 49. Qg4 Qe8 50. Kh2 Qg6 51. Qd7 Kh7 52. Qd5 Rc8 53. Qxe5 Re8 54. Qf5
Rxe4 55. Bg8+ 1-0

[Event "AUTO-INT-2674"]
[Site "http://www.queenalice.com/game.php?id=1197515"]
[Date "2013.7.6"]
[Round "1"]
[White "TylerDurden"]
[Black "RJGF"]
[Result "0-1"]
[WhiteElo "1473"]
[BlackElo "1580"]

1. e4 e6 2. d4 f5 3. exf5 Nf6 4. fxe6 Bd6 5. Bg5 O-O 6. Be2 Qe8 7. Bxf6 Rxf6 8.
a3 dxe6 9. Nf3 Nc6 10. c4 e5 11. c5 Bf8 12. Qb3+ Kh8 13. O-O exd4 14. Nbd2 Qxe2
15. Rfe1 Qa6 16. Qd5 Qd3 17. Re8 Ne7 18. Qd8 Ng6 19. Ne5 Nxe5 20. Rxe5 Qxd2 21.
Re8 Qxf2+ 22. Kh1 Qf1+ 0-1

[Event "AUTO-INT-2674"]
[Site "http://www.queenalice.com/game.php?id=1197516"]
[Date "2013.7.6"]
[Round "1"]
[White "RJGF"]
[Black "TylerDurden"]
[Result "1-0"]
[WhiteElo "1833"]
[BlackElo "1527"]

1. e4 c5 2. Nf3 d6 3. c3 Nf6 4. Bb5+ Bd7 5. Bxd7+ Nbxd7 6. d3 h6 7. O-O e6 8.
Re1 Be7 9. d4 cxd4 10. Nxd4 Nc5 11. e5 dxe5 12. Nb5 Qb6 13. N5a3 Nce4 14. Qa4+
Qc6 15. Qxc6+ bxc6 16. Be3 Nd5 17. Nc4 f6 18. f3 Nxe3 19. Nxe3 Nc5 20. Nc4 O-O
21. Nbd2 a5 22. Re2 Rab8 23. Nxa5 Nd3 24. Nxc6 Bc5+ 25. Kf1 Rxb2 26. a4 Rc8 27.
Na5 Rc2 28. Nb7 Ba7 29. c4 Rc7 30. Nd8 Nf4 31. Rd1 Nxe2 32. Kxe2 R7xc4 33. Nxe6
Rxa4 34. Kf1 Raa2 35. Ne4 Bb6 36. Rb1 f5 37. Nd6 Rf2+ 38. Ke1 Rae2+ 39. Kd1 Ba5
40. Rb8+ Kh7 41. Rb7 1-0

[Event "AUTO-BEG-589"]
[Site "http://www.queenalice.com/game.php?id=1199049"]
[Date "2013.7.12"]
[Round "1"]
[White "TylerDurden"]
[Black "ab12"]
[Result "0-1"]
[WhiteElo "1426"]
[BlackElo "1037"]

1. c4 c5 2. Nf3 d6 3. e3 e5 4. Be2 Nf6 5. Nc3 Be7 6. O-O O-O 7. h3 Be6 8. Ng5 h6
9. Nxe6 fxe6 10. Qc2 a6 11. Ne4 Nxe4 0-1

[Event "AUTO-BEG-589"]
[Site "http://www.queenalice.com/game.php?id=1199050"]
[Date "2013.7.12"]
[Round "1"]
[White "ab12"]
[Black "TylerDurden"]
[Result "1-0"]
[WhiteElo "1037"]
[BlackElo "1426"]

1. d4 Nf6 2. e3 g6 3. Nf3 Bg7 4. Be2 d5 5. h3 O-O 6. O-O Nbd7 7. Nh2 Re8 8. f4
Nb6 9. Bg4 Bxg4 10. Nxg4 Nbd7 11. Nxf6+ 1-0

[Event "AUTO-BEG-589"]
[Site "http://www.queenalice.com/game.php?id=1199051"]
[Date "2013.7.12"]
[Round "1"]
[White "TylerDurden"]
[Black "YUDAO"]
[Result "0-1"]
[WhiteElo "1490"]
[BlackElo "1719"]

1. c4 e5 2. Nc3 Nc6 3. g3 Nf6 4. Bg2 Bc5 5. e3 d6 6. h3 Bf5 7. Nge2 O-O 8. a3 a6
9. b4 Ba7 10. Bb2 Ne7 11. Bxb7 Rb8 12. Bxa6 d5 13. c5 c6 14. d4 exd4 15. Nxd4
Qd7 16. g4 Be6 17. Bd3 g6 18. Qf3 Ra8 19. Qxf6 Bb8 20. O-O-O Re8 21. Nf3 Kf8 22.
Ne4 Ng8 23. Qg7+ Ke7 24. Neg5 Kd8 25. Nxh7 Kc8 26. Nhg5 f5 27. Qxg6 Ra7 28. Ne5
Bxe5 29. Bxe5 Rxa3 30. Nxe6 Qxe6 31. Bxf5 Kd7 32. Bxe6+ Rxe6 33. Qf5 Ne7 34. Qh5
Ra2 35. Bb2 Ra4 36. Rd4 Rf6 37. Qh4 Rf3 0-1

[Event "AUTO-BEG-589"]
[Site "http://www.queenalice.com/game.php?id=1199052"]
[Date "2013.7.12"]
[Round "1"]
[White "YUDAO"]
[Black "TylerDurden"]
[Result "1-0"]
[WhiteElo "1726"]
[BlackElo "1483"]

1. e4 c5 2. d3 d6 3. c4 Nc6 4. Nf3 g6 5. g3 Bg7 6. Bg2 Bg4 7. O-O e6 8. Nc3 a6
9. h3 Bxf3 10. Bxf3 Nge7 11. Bg2 O-O 12. a3 Qa5 13. Bd2 Qb6 14. a4 Nb4 15. Qb1
Nbc6 16. Ne2 Nd4 17. Nxd4 Bxd4 18. Bc3 Bg7 19. a5 Qc7 20. Bxg7 Kxg7 21. b4 cxb4
22. Qxb4 Nc6 23. Qc3+ e5 24. h4 Nd4 25. Rfe1 Qd7 26. c5 Qg4 27. Kh1 Rac8 28.
Rac1 Ne2 29. Rxe2 Qxe2 30. Re1 Qxf2 31. Kh2 Rxc5 32. Rf1 Qxf1 33. Qxc5 Qxg2+ 34.
Kxg2 dxc5 35. Kf3 h5 36. Ke3 Rb8 37. Kd2 Rd8 38. Kc3 Rd6 39. Kc4 Rc6 40. Kd5 Kf6
41. Kc4 1-0

[Event "AUTO-BEG-589"]
[Site "http://www.queenalice.com/game.php?id=1199053"]
[Date "2013.7.12"]
[Round "1"]
[White "TylerDurden"]
[Black "bpctreinamento"]
[Result "0-1"]
[WhiteElo "1506"]
[BlackElo "1514"]

1. c4 e5 2. Nc3 Bc5 3. e3 d6 4. Nf3 Nf6 5. Qc2 O-O 6. h3 g6 7. Na4 Nc6 8. Nxc5
dxc5 9. Be2 Bf5 10. d3 Nb4 11. Qb3 Bxd3 12. Nxe5 Nc2+ 13. Kf1 Nxa1 14. Qxd3 Qxd3
0-1

[Event "AUTO-BEG-589"]
[Site "http://www.queenalice.com/game.php?id=1199054"]
[Date "2013.7.12"]
[Round "1"]
[White "bpctreinamento"]
[Black "TylerDurden"]
[Result "1-0"]
[WhiteElo "1497"]
[BlackElo "1523"]

1. e4 c5 2. e5 Qb6 3. d3 e6 4. Nf3 g6 5. Be3 Qxb2 6. Nbd2 b6 7. Nc4 Qb5 8. Rb1
Qc6 9. d4 Bg7 10. Nd6+ Kf8 11. Bb5 Qc7 12. dxc5 Ba6 13. cxb6 axb6 14. Bxa6 Rxa6
15. O-O Nc6 16. Nb5 Qd8 17. Bg5 1-0